| 000 | 00567nam a22001817a 4500 | ||
|---|---|---|---|
| 999 |
_c9983 _d9983 |
||
| 003 | AR-CdUCM | ||
| 008 | 190329b ||||| |||| 00| 0 spa d | ||
| 040 |
_aMUNICIPALIDAD PROVINCIAL DEL CUSCO _cBIBLIOTECA MUNICIPAL DEL CUSCO |
||
| 082 |
_aEP / 800 / _bV47 |
||
| 100 |
_aVere, Alberto Larran de _926558 |
||
| 245 |
_aTitanes del trabajo : _bforjadores de la Argentina / |
||
| 260 |
_aBuenos Aires , _bAtlanta, _c1958. |
||
| 300 |
_a127 páginas ; _c17 cm. |
||
| 440 |
_aBiblioteca Billiken _9765 |
||
| 650 |
_aliteratura. _9212 |
||
| 942 |
_2ddc _cLIBROS |
||
| 945 | _awfj | ||